000 00963nam a2200253Ia 4500
003 OSt
005 20220923211542.0
006 a|||||r|||| 00| 0
007 ta
008 220922b |||||||| |||| 00| 0 pan d
020 _a9789383391998 (hbk)
_c250
024 _a349,249
037 _b172, 15/02/2019, National Book Shop
_cTextual
040 _aARTS
_cARTS
_bpan
041 _2pan
_apan
082 _aV2y7N16, 153Q8
100 _aਲੈਗ਼ੀਆ, ਲਖਵੀਰ ਕੈਰ, ਥਦ.
_9159144
245 0 _aਰਾFਟਰਵਾਦੀ ਚਿੰਤਕ ਪੰ ਦੀਨ ਦਿਆਲ ਉਪਾਧਿਆਇ
260 _aਚੰਡੀਗੜ੍ਹ
_b ਲੋਕਗੀਤ ਪ੍ਰਕਾFਨ
_c2018
300 _a152ਪ੍ਰ0
_ccm.
650 _aਭਾਰਤੀਯ ਸਾਹਿਤ
942 _hV2y7N16, 153Q8
_cTEXL
_2CC
999 _c300693
_d300693